000 00240nam a2200097Ia 4500
001 749686
005 20250826164439.0
008 250824s9999 xx 000 0 und d
245 0 _aHORTUMLU NEŞELİ FİL
_cANONİM
260 _bKARATAY YAYINLARI
999 _c749686
_d749686